The Great Karakoram Range/ (Record no. 208984)

MARC details
000 -LEADER
fixed length control field 00651nam a22001937a 4500
005 - DATE AND TIME OF LATEST TRANSACTION
control field 20250211150343.0
010 ## - LCCN (DPL NO)
LC control number ENG-143701
020 ## - INTERNATIONAL STANDARD BOOK NUMBER
International Standard Book Number 9789386761781
Terms of availability 795.00
035 ## - SYSTEM CONTROL NUMBER
System control number EN-127233
037 ## - SOURCE OF ACQUISITION
Source of stock number/acquisition DBAD
082 ## - DEWEY DECIMAL CLASSIFICATION NUMBER
Classification number 915.46
100 ## - MAIN ENTRY--PERSONAL NAME
Personal name Kaul B.L
245 ## - TITLE STATEMENT
Title The Great Karakoram Range/
Statement of responsibility, etc Kaul B.L
Remainder of title A Strategic Geopolitical and Geological Scenario
260 ## - PUBLICATION, DISTRIBUTION, ETC. (IMPRINT)
Place of publication, distribution, etc Delhi
Name of publisher, distributor, etc Ane Books Pvt. Ltd.
Date of publication, distribution, etc 2019
270 ## - ADDRESS
Address 4821, Parwana Bhawan, 1st floor, 24 Ansari Road, Darya Ganj
City Delhi
Postal code 110002
Telephone number 23276863
Electronic mail address kapoor@anebooks.com
300 ## - PHYSICAL DESCRIPTION
Extent 118p.
Dimensions 23cm (Hb)
700 ## - ADDED ENTRY--PERSONAL NAME
Personal name B.L Kaul
9 (RLIN) 77485
942 ## - ADDED ENTRY ELEMENTS (KOHA)
Item type English Books
Source of classification or shelving scheme Dewey Decimal Classification
Classification part 915.46
Call number suffix KAU
Holdings
Withdrawn status Lost status Not for loan Home library Current library Date acquired Source of acquisition Cost, normal purchase price Full call number Barcode Copy number Koha item type
      Central Library Central Library 11/02/2025 DBAD 795.00 915.46 KAU EN-127233 1 English Books

© Delhi Public Library
Hit Counter
free hit counter